I. Les conflits de la détente - Guerre des 6 jours - Statistiques

Statistiques générales
  • Ce quiz a été pris 6 fois
  • Le résultat moyen est 5 sur 9
Statistiques - réponses
Hint Réponse % Correct
Mort de Nasser (Égypte, année) 1970
100%
Guerre des six jours (mois+année) juin 1967
100%
Victoire d'Israël (jour+mois+année) 10 juin 1967
67%
Guerre du Kippour (mois+année) octobre 1973
67%
Opération Focus = attaque préventive d'Israël (jour+mois+année) 5 juin 1967
50%
Blocage du Détroit de Tiran par l'Égypte (jour+mois+année) 22 mai 1967
33%
Cessez le feu par l'ONU (jour+mois+année) 22 octobre 1973
33%
Attaque de la coalition arabe = élément déclencheur (jour+mois+année) 6 octobre 1973
33%
Opération Gazelle (Israël) (jour+mois+année) 14 octobre 1973
17%
Aucun quiz correspondant
Distribution des résultats
% des personnes avec chaque résultat
Percentile par nombre de réponses
Votre historique - résultats
Vous n’avez pas pris ce quiz